| 000 | 01010nam a22002417a 4500 | ||
|---|---|---|---|
| 999 |
_c21040 _d21040 |
||
| 003 | AR-CdUCM | ||
| 008 | 190725b ||||| |||| 00| 0 spa d | ||
| 040 |
_aMUNICIPALIDAD PROVINCIAL DEL CUSCO _cBIBLIOTECA MUNICIPAL DEL CUSCO |
||
| 082 |
_a808.831 / _bN11 |
||
| 100 |
_aHostnig, Rainer _91118 |
||
| 245 |
_aNab´ab ´l qtanam toj qyol. _bLa memoria colectiva del pueblo mam de quetzaltenango / |
||
| 260 |
_aGuatemala : _bCCIC, _c1994 |
||
| 300 |
_a219 páginas ; _bilustraciones ; fotografías ; _c27 cm. |
||
| 500 | _aTexto escrito en Mam. | ||
| 505 | _aContiene : Una antología de mitos y leyendas, cuentos, fabulas, historias, relatos de la vida, tradiciones religiosas, costumbres y creencias sobre la base de la tradición oral y documentos históricos. | ||
| 650 |
_aHistoria _9136 |
||
| 650 |
_aCultura _9126 |
||
| 650 |
_aMan _943840 |
||
| 700 |
_aVásquez Vicente, Luis _943841 |
||
| 710 |
_aCentro de capacitación e investigación campesina _943842 |
||
| 942 |
_2ddc _cLIBROS |
||
| 945 | _azta | ||